01005nam a2200253 a 45000010005000000030010000050050017000150080041000320200018000730400025000910800023001161000036001392450056001752460158002312500027003892600039004163000030004555000071004855040036005566500043005926500050006356500036006856500030007211056BR-CuiBMT20231130001444.0231127s2011 spba 001 0 por d a9788586314810 aBR-CuiBMTcBR-CuiBMT a351.712.2.02220071 aGasparini, Diogenes,d1934-2009 aComissões de licitação /cDiogenes Gasparini.14aComissões de licitações :be demais órgãos colegiados referidos na Lei nº 8.666/93 : orientador indispensável no dia a dia das comissões / a3. ed., rev. e atual.  aSão Paulo :bEditora NDJ,c2011. axviii 233 p.:bil.c21 cm aEdição revista e atualizada por Jessé Torres Pereira Junior. aInclui bibliografia e índice. aServiço públicoxConcursoszBrasil aLicitaçõesxLeis e legislaçãozBrasil aLicitação públicazBrasil aContratos administrativos